Escudos de fútbol: Aleatorios - Estadísticas

Estadísticas generales
  • Esta prueba ha sido intentada 31.781 veces
    31.420 desde el último reinicio
  • La puntuación promedio es 17 de 25
Estadísticas de respuestas
Imagen Respuesta % Correcto
Barcelona
95%
Paris Saint-Germain
95%
Atlético Madrid
94%
Juventus
94%
Real Betis
94%
Real Madrid
94%
Valencia
94%
Arsenal
93%
Roma
93%
AC Milan
92%
Chelsea
92%
Sevilla
92%
Athletic Club
91%
Boca Juniors
91%
Manchester City
91%
Manchester United
91%
Real Sociedad
91%
Ajax
89%
Bayern Munich
89%
Celta Vigo
89%
FC Porto
89%
Villarreal CF
89%
Liverpool
87%
Getafe
86%
Lazio
86%
PSV Eindhoven
86%
SL Benfica
86%
AS Mónaco
85%
Aston Villa
85%
Celtic
85%
Girona
85%
Inter Miami
85%
Olympique de Marsella
85%
Sporting CP
85%
Atalanta
84%
Newcastle United
84%
Everton
83%
Napoli
83%
Olympique Lyon
82%
River Plate
82%
West Ham United
82%
Bayer Leverkusen
81%
Club Brujas
81%
Fiorentina
81%
Inter Milan
81%
Tottenham Hotspur
81%
Galatasaray
80%
Santos
79%
Nottingham Forest
76%
Borussia Dortmund
75%
Crystal Palace
75%
Torino
75%
LA Galaxy
74%
Lille
74%
Wolverhampton Wanderers
74%
Dinamo Zagreb
73%
Leeds United
73%
Leicester City
73%
Estrella Roja de Belgrado
71%
Rangers
71%
Brighton
70%
Eintracht Frankfurt
70%
Shakhtar Donetsk
68%
RB Leipzig
67%
Fenerbahçe
66%
São Paulo
66%
Beşiktaş
65%
Olympiakós
65%
Hamburgo
64%
Brentford
62%
New York City
62%
S.C. Braga
61%
Atlanta United
60%
Bologna
60%
Genoa
60%
Udinese
60%
Feyenoord
59%
FC Köln
57%
Southampton
57%
Atlético Mineiro
56%
Burnley
56%
FC Salzburgo
56%
Norwich City
56%
Schalke 04
55%
Dinamo de Kiev
54%
Fulham
54%
Malmö FF
54%
RC Lens
54%
VfB Stuttgart
54%
Corinthians
53%
Genk
53%
Stade Rennes
53%
Wolfsburg
53%
SC Freiburg
52%
Bournemouth
51%
OGC Nice
51%
Montpellier
50%
Orlando City
50%
Toronto FC
50%
Hoffenheim
48%
Werder Bremen
48%
FC Basel
47%
Ipswich Town
47%
F.C. Copenhague
46%
AEK de Atenas
44%
R.S.C. Anderlecht
43%
Borussia Mönchengladbach
42%
Hertha Berlín
41%
Internacional
41%
Sheffield United
40%
Legia de Varsovia
38%
PAOK FC
38%
Toulouse
38%
Luton Town
37%
Sparta Praga
36%
Viktoria Plzeň
34%
West Bromwich Albion
33%
Gent
32%
Royal Antwerp
32%
Panathinaikos F.C.
31%
Slavia Praga
30%
Heart of Midlothian
29%
Ferencváros
26%
Sturm Graz
25%
Ludogorets
19%
No se encontraron pruebas coincidentes
Distribución de puntuación
Porcentaje de gente con cada puntuación
Porcentaje por número respondido
Historial de tus puntuaciones
No has intentado esta prueba desde el último reinicio